Přísloví krále Šalomouna : NBK / přeložil Alexandr Flek
Record details
- ISBN: 80-902458-8-9
- Physical Description: 145 s. ; 16 cm
- Edition: Vyd. 1.
- Publisher: Český Krumlov : Biblion, 2003
Content descriptions
| General Note: | 1000 výt. Přeloženo z hebrejštiny |
Search for related items by subject
| Subject: | Bible. Přísloví Bible. Proverbs biblické texty Biblical texts |
| Genre: | texty texts |
Available copies
- 1 of 1 copy available at Common Catalog SPOK.
Holds
- 0 current holds with 1 total copy.
Show Only Available Copies
| Location | Call Number / Copy Notes | Barcode | Shelving Location | Status | Due Date |
|---|---|---|---|---|---|
| The Jewish community of Prague | J 1319 | 4638301409 | J - Judaika | Available | - |
Electronic resources
Version of Resource: Digitalizovaný dokument
| LDR | 01429cam a2200433 a 4500 | ||
|---|---|---|---|
| 001 | 54611 | ||
| 003 | CZ-PrJAB | ||
| 005 | 20180829124234.0 | ||
| 007 | ta | ||
| 008 | 031127s2003 xr e 000 1 cze d | ||
| 015 | . | ‡acnb001299971 | |
| 020 | . | ‡a80-902458-8-9 ‡q(váz.) : ‡cKč 148,00 | |
| 035 | . | ‡a(CZ PrNK)nkc20041299971 | |
| 035 | . | ‡a(OCoLC)124088364 | |
| 040 | . | ‡aHKA001 ‡bcze ‡dABA001 | |
| 041 | 1 | . | ‡acze ‡hheb |
| 072 | 7. | ‡a2-23/-27 ‡xBible. Biblistika ‡2Konspekt ‡95 | |
| 080 | . | ‡a26-246.3 ‡2MRF | |
| 080 | . | ‡a26-23 ‡2MRF | |
| 080 | . | ‡a(0:82-9) ‡2MRF | |
| 130 | 0 | . | ‡aBible. ‡pPřísloví. ‡lČesky ‡7unn2006374762 |
| 245 | 1 | 0. | ‡aPřísloví krále Šalomouna : ‡bNBK / ‡cpřeložil Alexandr Flek |
| 246 | 3 | . | ‡aNová Bible kralická |
| 250 | . | ‡aVyd. 1. | |
| 260 | . | ‡aČeský Krumlov : ‡bBiblion, ‡c2003 | |
| 300 | . | ‡a145 s. ; ‡c16 cm | |
| 500 | . | ‡a1000 výt. | |
| 500 | . | ‡aPřeloženo z hebrejštiny | |
| 630 | 0 | 7. | ‡aBible. ‡pPřísloví ‡7unn2006374761 ‡2czenas |
| 630 | 0 | 9. | ‡aBible. ‡pProverbs ‡2eczenas |
| 650 | 0 | 7. | ‡abiblické texty ‡7ph118860 ‡2czenas |
| 650 | 0 | 9. | ‡aBiblical texts ‡2eczenas |
| 655 | 7. | ‡atexty ‡7fd133699 ‡2czenas | |
| 655 | 9. | ‡atexts ‡2eczenas | |
| 700 | 1 | . | ‡aFlek, Alexandr, ‡d1968- ‡7xx0003017 ‡4trl ‡4aui |
| 765 | 0 | . | ‡tMišlej Šlomo ‡9Česky |
| 856 | 4 | 1. | ‡uhttp://krameriusndk.nkp.cz/search/handle/uuid:32d4d960-eae4-11e3-a2c6-005056827e51 ‡yDigitalizovaný dokument |
| 910 | . | ‡aABE461 | |
| 995 | . | ‡aska | |
| 901 | . | ‡a54611 ‡bAUTOGEN ‡c54611 ‡tbiblio | |